[Event "Eschborn op"]
[Site "Eschborn"]
[Date "2016.09.02"]
[Round "1"]
[White "Porstendoerfer, Yannik"]
[Black "Hoerner, Rolf"]
[Result "0-1"]
[WhiteElo "1309"]
[BlackElo "1664"]
[PlyCount "112"]
[EventDate "2016.09.02"]
[EventType "swiss"]
[EventRounds "5"]
[EventCountry "GER"]
[SourceTitle "EXT 2018"]
[Source "ChessBase"]
[SourceDate "2017.10.13"]
[SourceVersion "1"]
[SourceVersionDate "2017.10.13"]
[SourceQuality "1"]

1. e4 c5 2. Nf3 Nc6 3. c3 e6 4. d4 d5 5. e5 Qb6 6. Be2 Bd7 7. 0-0 Be7 8. b3 Rc8 9. Na3 cxd4 10. cxd4 Bb4 11. Rb1 Qa5 12. Nb5 a6 13. Nd6+ Bxd6 14. exd6 Qb4 15. Bf4 Nf6 16. Be5 Nxe5 17. dxe5 Ne4 18. Rc1 0-0 19. Bd3 f6 20. Rc7 Rxc7 21. dxc7 Rc8 22. Bxe4 Qxe4 23. Qc1 Qg6 24. Qc5 Qf7 25. Nd4 fxe5 26. Nf3 Qf8 27. Qb6 Bc6 28. Nxe5 Qd6 29. Nxc6 Qxc6 30. Qxc6 bxc6 31. Re1 Kf7 32. f4 g6 33. Kf2 Rxc7 34. Ke3 Ke7 35. b4 c5 36. bxc5 Rxc5 37. Re2 Kf6 38. g3 Kf5 39. Kd4 Rc4+ 40. Kd3 h6 41. Re5+ Kf6 42. h4 Ra4 43. Re2 Ra3+ 44. Kd4 Rxg3 45. Kc5 Rg4 46. Kd6 Rxf4 47. Rxe6+ Kf5 48. Kxd5 Rxh4 49. Rxa6 g5 50. a4 g4 51. a5 g3 52. Rc6 g2 53. Rc1 Rh1 54. Rxh1 gxh1Q+ 55. Kc5 Ke5 56. a6 Qa8 0-1

[Event "Eschborn op 10th"]
[Site "Eschborn"]
[Date "2013.09.01"]
[Round "5"]
[White "Hoerner, Rolf"]
[Black "Reichel, Guenther"]
[Result "1/2-1/2"]
[WhiteElo "1654"]
[BlackElo "1566"]
[PlyCount "102"]
[EventDate "2013.08.30"]
[EventType "swiss"]
[EventRounds "5"]
[EventCountry "GER"]
[SourceTitle "EXT 2014"]
[Source "ChessBase"]
[SourceDate "2013.11.20"]
[SourceVersion "1"]
[SourceVersionDate "2013.11.20"]
[SourceQuality "1"]

1. d4 e6 2. c4 f5 3. Nf3 Nf6 4. Nc3 Bb4 5. Bd2 0-0 6. a3 Bxc3 7. Bxc3 b6 8. e3 Bb7 9. Bd3 Ne4 10. Qc2 d6 11. 0-0-0 Nd7 12. Rhg1 c5 13. Kb1 a6 14. Be1 Ndf6 15. Nd2 Qd7 16. f3 Nxd2+ 17. Rxd2 b5 18. dxc5 bxc4 19. Bxc4 d5 20. Bg3 Qc6 21. Ba2 Rfc8 22. Rc1 a5 23. a4 Qe8 24. Be5 Nd7 25. Bd6 Ra6 26. Qb3 Bc6 27. Qa3 Nf6 28. Bb3 Nd7 29. h3 Ra7 30. g4 fxg4 31. hxg4 Nb8 32. f4 Qg6+ 33. Bc2 Qxg4 34. Rh2 g6 35. Qc3 Nd7 36. Qd4 Rb7 37. Rhh1 Rb4 38. Qd2 Bxa4 39. Bd3 Rb7 40. Rcg1 Qf3 41. Qh2 Nf8 42. Bxg6 hxg6 43. Bxf8 Qe4+ 44. Ka1 Rxf8 45. Qh8+ Kf7 46. Qh7+ Kf6 47. Qxb7 Bc2 48. b3 Qxe3 49. Ka2 Qxc5 50. Rf1 a4 51. Kb2 axb3 1/2-1/2

[Event "Eschborn op 10th"]
[Site "Eschborn"]
[Date "2013.08.31"]
[Round "3"]
[White "Hoerner, Rolf"]
[Black "Rutsatz, Mario"]
[Result "0-1"]
[WhiteElo "1654"]
[BlackElo "1919"]
[PlyCount "66"]
[EventDate "2013.08.30"]
[EventType "swiss"]
[EventRounds "5"]
[EventCountry "GER"]
[SourceTitle "EXT 2014"]
[Source "ChessBase"]
[SourceDate "2013.11.20"]
[SourceVersion "1"]
[SourceVersionDate "2013.11.20"]
[SourceQuality "1"]

1. d4 Nf6 2. Nc3 c5 3. d5 a6 4. a4 e6 5. Bg5 d6 6. e3 Be7 7. dxe6 Bxe6 8. Nf3 Nc6 9. Bd3 0-0 10. 0-0 h6 11. Bh4 d5 12. Re1 c4 13. Be2 Qb6 14. Rb1 Rad8 15. Nd4 Nxd4 16. exd4 Rfe8 17. Bf3 Qc6 18. Re5 b5 19. axb5 axb5 20. Qe1 b4 21. Ne2 Nd7 22. Rh5 Bxh4 23. Rxh4 Bf5 24. Qd2 b3 25. Ng3 bxc2 26. Rc1 Bg6 27. Bh5 Bh7 28. f4 Bd3 29. f5 Nf6 30. Be2 Ne4 31. Nxe4 dxe4 32. Rf4 Qd6 33. g3 Qxd4+ 0-1